| 000 | 01105nam a2200349Ia 4500 | ||
|---|---|---|---|
| 005 | 20220317001747.0 | ||
| 008 | 170328s2014 ck g 000 f spa | ||
| 020 | _a9789584242150 | ||
| 020 | _a9584242156 | ||
| 041 | _aspa | ||
| 100 | 1 |
_aBelli, Gioconda _d1948- |
|
| 245 | 1 | 3 |
_aEl intenso calor de la luna _cGioconda Belli |
| 250 | _aPrimera edición | ||
| 264 | 1 |
_aBogotá _bSeix Barral _c2014 |
|
| 300 |
_a317 páginas _c23 cm. |
||
| 336 |
_atexto _btxt _2rdacontent |
||
| 337 |
_asin mediación _bn _2rdamedia |
||
| 338 |
_avolumen _bnc _2rdacarrier |
||
| 490 | _aBiblioteca breve | ||
| 500 | _aIncluye datos biográficos de la autora en solapa | ||
| 521 | _aRecomendado para adultos | ||
| 650 | 1 | 4 |
_2LEMB _aNovela nicaragüense _ySiglo XX |
| 650 | 1 | 4 |
_2LEMB _aLiteratura nicaragüense _ySiglo XX |
| 650 | 1 | 4 |
_2LEMB _aMadurez _vNovela |
| 650 | 1 | 4 |
_2LEMB _aMujeres _vNovela |
| 650 | 1 | 4 |
_2LEMB _aMenopausia _vNovela |
| 650 | 1 | 4 |
_2LEMB _aEmociones _vNovela |
| 650 | 1 | 4 |
_2LEMB _aErotismo femenino _vNovela |
| 942 |
_2loc _cBKLIT |
||
| 040 |
_aCO-BoRNBP _bspa _erda _cCO-BoRNBP |
||
| 084 | _aN BEL6 | ||
| 999 |
_c7997 _d7997 |
||